书目信息 |
| 题名: |
新编金融企业会计实务
|
|
| 作者: | 胡美琴 编著 | |
| 分册: | ||
| 出版信息: | 上海 华东化工学院出版社 2002.08 |
|
| 页数: | 301页 | |
| 开本: | 26cm | |
| 丛书名: | ||
| 单 册: | ||
| 中图分类: | F830.42 | |
| 科图分类: | ||
| 主题词: | 金融 , 银行 | |
| 电子资源: | ||
| ISBN: | 7-5628-1307-8 | |
| 000 | 00581nam0 2200205 45 | |
| 001 | 0459990817 | |
| 005 | 2004051216395039 | |
| 010 | @a7-5628-1307-8@dCNY 25.50 | |
| 100 | @a20040512d2002 km y0chiy0120 ea | |
| 101 | 0 | @achi |
| 102 | @aCN@b310000 | |
| 200 | 1 | @a新编金融企业会计实务@AXin Bian Jin Rong Qi Ye Kuai Ji Shi Wu@f胡美琴编著@FHu Mei Qin Bian Zhu |
| 210 | @a上海@c华东化工学院出版社@d2002.08 | |
| 215 | @a301页@d26cm | |
| 606 | 0 | @a金融 |
| 606 | 0 | @a银行 |
| 690 | @aF830.42@v4 | |
| 701 | 0 | @a胡美琴@AHu Mei Qin@4编著 |
| 801 | 0 | @aCN@bPFT@c20040512 |
| 905 | @dF830.42@eH495 | |
| 新编金融企业会计实务/胡美琴编著.-上海:华东化工学院出版社,2002.08 |
| 301页;26cm |
| ISBN 7-5628-1307-8:CNY 25.50 |
| ● |
| 相关链接 |
|
|
|
正题名:新编金融企业会计实务
索取号:F830.42/H495
 
预约/预借
| 序号 | 登录号 | 条形码 | 馆藏地/架位号 | 状态 | 备注 |
| 1 | 397038 | 203970382 | 社科库409/409社科库 51排2列2层/ [索取号:F830.42/H495] | 在馆 | |
| 2 | 397039 | 203970391 | 社科库409/409社科库 51排2列2层/ [索取号:F830.42/H495] | 在馆 |